Miloš Alexander Bazovský

Bibliographic Details
Main Authors: Abelovský, Ján, 1950- (Author), Ruttkay, Jozef, 1933- (Author)
Format: Book
Language:Slovak
English
Published: Bratislava Interpond 1999
ISBN:8088736188
Edition:1. vyd.
Series:Art
Subjects:

MARC

LEADER 00000cam a2200000 a 4500
001 vtls008839078
003 SK-MaSNL
005 20260426014802.0
008 240318s1999 xo haocg h 001 mbslo
020 |a 8088736188  |q (viazané) 
035 |a 6C08C0FB-90D8-47F6-9C50-B699F8FDF272 
035 |a urn:nbn:sk:snk-amljxx 
035 |a urn:nbn:sk:snk-am00bj3f 
040 |a SNK  |b slo  |c SNK  |e AACR2 
041 0 |a slo  |a eng  |b eng 
043 |a e-xo--- 
044 |a xo  |c SK 
072 7 |a 72/76  |x Výtvarné umenie  |2 konspekt 
072 7 |a 929  |x Biografie  |2 konspekt 
080 |a 72/76.071.1  |2 2011 
080 |a 75.021.32  |2 2011 
080 |a (437.6)  |2 2011 
080 |a (092)  |2 2011 
080 |a (048.8)  |2 2011 
100 1 |a Abelovský, Ján,  |d 1950-  |4 aut  |9 19456 
245 1 0 |a Miloš Alexander Bazovský  |c Ján Abelovský, Jozef Ruttkay 
246 3 8 |a Bazovský 
250 |a 1. vyd. 
260 |a Bratislava  |b Interpond  |c 1999 
490 1 |a Art  |v 5 
504 |a Reg. 
546 |a Čiastočne súbežný text v anglličtine ; res. angl. 
600 1 7 |a Bazovský, Miloš Alexander,  |d 1899-1968  |2 SNKMA  |9 103185 
650 0 7 |a výtvarníci  |2 SNKPH  |9 118705 
650 0 7 |a Artists  |2 SNKPHeng  |9 265151 
650 0 7 |a olejomaľba  |2 SNKPH  |9 30054 
650 0 7 |a Oil painting  |2 SNKPHeng  |9 354632 
651 7 |a Slovensko  |2 SNKPH  |9 14231 
651 7 |a Slovakia  |2 SNKPHeng  |9 92630 
655 7 |a biografie  |2 SNKPH  |9 27965 
655 7 |a Biography  |2 SNKPHeng  |9 266314 
655 7 |a štúdie  |2 SNKPH  |9 57033 
655 7 |a Studies  |2 SNKPHeng  |9 265573 
700 1 |a Ruttkay, Jozef,  |d 1933-  |4 aut  |9 379777 
830 0 |a Art  |9 448006 
919 |a 80-88736-18-8 
999 |c 1168419  |d 1170349 
952 |a SNK  |b SNK  |y PREZ  |7 0  |p 17A0510193  |o snkSB 72741  |i snk2006/16169  |8 3  |g 56.43  |0 0  |1 0  |4 0  |d 2006-08-15  |l 0  |r 2025-04-25 00:00:00  |w 2026-02-24